Statistiques concernant Drapeaux des pays commençant par E

Cliquez ici pour prendre le quiz!

Statistiques générales

  • Ce quiz a été pris 161 fois
  • Le résultat moyen est 9 sur 10

Statistiques - réponses

Réponse% Correct
Espagne
100%
États-Unis
100%
Égypte
98%
Équateur
93%
Estonie
92%
Éthiopie
90%
Émirats arabes unis
88%
Érythrée
74%
Eswatini
69%
États Fédérés de {Micronésie}
61%

Distribution des résultats

Percentile par nombre de réponses

% des personnes avec chaque résultat

Votre développement - résultats

Vous n’avez pas pris ce quiz